000
00302nam a22001337a 4500
008
171124b xxu||||| |||| 00| 0 eng d
020
_a
05135117
041
_a
eng
080
_a
616.8
100
_a
7
101
_a
NEU
245
_a
YEAR NEUROLOGY AND NEUROSURGERY
_c
WALTER.G.B
942
_2
udc
_c
BK
999
_c
38435
_d
38435